000
00318nam a2200133Ia 4500
005
20251222141929.0
008
251222s9999||||xx |||||||||||||| ||spa||
020
_a
8485851471
082
_a
375.001/M26
100
_a
Román Pérez, Martiniano
245
0
_a
Currículum y Programación:
264
_b
EOS
942
_c
LIB
999
_c
8963
_d
8963